LEADER 04040nam 2200613 a 450 001 9910450197503321 005 20200520144314.0 010 $a0-8047-6386-0 024 7 $a10.1515/9780804763868 035 $a(CKB)1000000000004483 035 $a(OCoLC)70769317 035 $a(CaPaEBR)ebrary2004326 035 $a(SSID)ssj0000281241 035 $a(PQKBManifestationID)11219431 035 $a(PQKBTitleCode)TC0000281241 035 $a(PQKBWorkID)10300879 035 $a(PQKB)11222055 035 $a(MiAaPQ)EBC3037384 035 $a(Au-PeEL)EBL3037384 035 $a(CaPaEBR)ebr2004326 035 $a(OCoLC)923699442 035 $a(DE-B1597)582345 035 $a(DE-B1597)9780804763868 035 $a(EXLCZ)991000000000004483 100 $a19971216d1999 uy 0 101 0 $aeng 135 $aurcn||||||||| 181 $ctxt 182 $cc 183 $acr 200 10$aLand and lordship in early modern Japan$b[electronic resource] /$fMark Ravina 210 $aStanford, Calif. $cStandford University Press$d1999 215 $a1 online resource (294 p.) 300 $aBibliographic Level Mode of Issuance: Monograph 311 $a0-8047-2898-4 320 $aIncludes bibliographical references (p. [255]-269) and index. 327 $tFrontmatter -- $tAcknowledgments -- $tContents -- $tTables and Figures -- $tMaps -- $tAbbreviations -- $tA Note to the Reader -- $tIntroduction -- $t1 Land and Lordship: Ideology and Political Practice in Early Modern Japan -- $t2 The Nerves of the State: The Political Economy of Daimyo Rule -- $t3 Profit and Propriety: Political Economy in Yonezawa -- $t4 Land and Labor: Political Economy in Hirosaki -- $t5 Markets and Mercantilism: Political Economy in Tokushima -- $tConclusion -- $tAppendix -- $tGlossary -- $tNotes -- $tBibliography -- $tIndex 330 $aExamining local politics in three Japanese domains (Yonezawa, Tokushima, and Hirosaki), this book shows how warlords (daimyo) and their samurai adapted the theory and practice of warrior rule to the peacetime challenges of demographic change and rapid economic growth in the mid-Tokugawa period. The author has a dual purpose. The first is to examine the impact of shogunate/domain relations on warlord legitimacy. Although the shogunate had supreme power in foreign and military affairs, it left much of civil law in the hands of warlords. In this civil realm, Japan resembled a federal union (or ?compound state?), with the warlords as semi-independent sovereigns, rather than a unified kingdom with the shogunate as sovereign. The warlords were thus both vassals of the shogun and independent lords. In the process of his analysis, the author puts forward a new theory of warlord legitimacy in order to explain the persistence of their autonomy in civil affairs. The second purpose is to examine the quantitative dimension of warlord rule. Daimyo, the author argues, struggled against both economic and demographic pressures. It is in these struggles that domains manifested most clearly their autonomy, developing distinctive regional solutions to the problems of protoindustrialization and peasant depopulation. In formulating strategies to promote and control economic growth and to increase the peasant population, domains drew heavily on their claims to semisovereign authority and developed policies that anticipated practices of the Meiji state. 606 $aHISTORY / Asia / Japan$2bisacsh 607 $aJapan$xPolitics and government$y1600-1868 607 $aYonezawa-han (Japan)$xPolitics and government 607 $aTokushima-han (Japan)$xPolitics and government 607 $aHirosaki-han (Japan)$xPolitics and government 608 $aElectronic books. 615 7$aHISTORY / Asia / Japan. 676 $a952/.025 700 $aRavina$b Mark$f1961-$0907006 801 0$bMiAaPQ 801 1$bMiAaPQ 801 2$bMiAaPQ 906 $aBOOK 912 $a9910450197503321 996 $aLand and lordship in early modern Japan$92028860 997 $aUNINA LEADER 06171oam 22007574a 450 001 9910524675703321 005 20241213145620.0 010 $a9781612496160 010 $a1612496164 010 $a9781612496177 010 $a1612496172 035 $a(CKB)4100000009273317 035 $a(MiAaPQ)EBC5994064 035 $a(OCoLC)1139838812 035 $a(MdBmJHUP)muse76055 035 $a(oapen)https://directory.doabooks.org/handle/20.500.12854/90435 035 $a(Perlego)1589300 035 $a(oapen)doab90435 035 $a(EXLCZ)994100000009273317 100 $a20191206h20192019 uy 0 101 0 $aeng 135 $aurcnu|||||||| 181 $ctxt$2rdacontent 182 $cc$2rdamedia 183 $acr$2rdacarrier 200 00$aNew Perspectives on Kristallnacht $eafter 80 years, the Nazi pogrom in global comparison /$fSteven J. Ross, editor ; Wolf Gruner, guest editor ; Lisa Ansell, associate editor 210 $cPurdue University Press$d2019 210 1$aWest Lafayette, Indiana :$cPurdue University Press,$d[2019] 210 4$dİ2019 215 $a1 online resource (xx, 366 pages) $cillustrations 225 0 $aThe Jewish role in American life : an annual review of the Casden Institute for the Study of the Jewish Role in American Life ;$vvolume 17 300 $a"Published by the Purdue University Press for the USC Casden Institute for the Study of the Jewish Role in American Life." 311 08$a9781557538703 311 08$a1557538700 327 $tKristallnacht-pogrom-state terror : a terminological reflection /$rUlrich Baumann and Franc?ois Guesnet --$t"Worse than vandals" : the mass destruction of Jewish homes and Jewish responses during the 1938 pogrom /$rWolf Gruner --$tA question of gender! : spaces of violence and reactions to Kristallnacht in Jewish-Gentile families /$rMaximilian Strnad --$tSocial relations and bystander responses to violence : Kristallnacht November 1938 /$rMary Fulbrook --$tA scream, then silence : Kristallnacht and the American journalists in Nazi Germany : the "night of broken glass" as an unwanted transnational media event /$rNorman Domeier --$tJournalism as a weapon : Jewish journalists from Warsaw and the production of knowledge during Hitler's rise to power in 1933 and the November pogroms in 1938 /$rAnne-Christin Klotz --$tWhat did Soviet Jews make of Kristallnacht? : the Nazi threat in the Soviet press /$rJeffrey Koerber --$tThe absence of "Kristallnacht" and its aftermath in BBC German-language broadcasts during 1938-1939 /$rStephanie Seul --$tOrthodox Jewish reflective responses to Kristallnacht /$rGershon Greenberg --$t1938 : American Jews respond to a very bad year /$rHasia Diner --$tThe ambiguous legacy of Kristallnacht : Nazis, Jewish resistors, and anti-Semitism in Los Angeles /$rSteven J. Ross --$tJewish anti-fascism? : "Kristallnacht" remembrance in the GDR between propaganda and Jewish self-assertion /$rAlexander Walther --$t"Kristallnacht in Tel Aviv" : Nazi associations in the contemporary Israeli socio-political debate /$rLiat Steir-Livny --$tThe Kristallnacht paradigm in narratives by survivors of the Rwandan and Rohingya genocides /$rNathalie Segeral --$tThe long shadow of the "Kristallnacht" on the "Gujarat pogrom" in India? : a comparative analysis /$rBaijayanti Roy. 330 $a"On November 9 and 10, 1938, Nazi leadership unleashed an unprecedented orchestrated wave of violence against Jews in Germany, Austria, and the Sudetenland, supposedly in response to the assassination of a Nazi diplomat by a young Polish Jew, but in reality to force the remaining Jews out of the country. During the pogrom, Stormtroopers, Hitler Youth, and ordinary Germans murdered more than a hundred Jews (many more committed suicide) and ransacked and destroyed thousands of Jewish institutions, synagogues, shops, and homes. Thirty thousand Jews were arrested and sent to Nazi concentration camps. Volume 17 of the Casden Annual Review includes a series of articles presented at an international conference titled 'New Perspectives on Kristallnacht: After 80 Years, the Nazi Pogrom in Global Comparison.' Assessing events 80 years after the violent anti-Jewish pogrom of 1938, contributors to this volume offer new cutting-edge scholarship on the event and its repercussions. Contributors include scholars from the United States, Germany, Israel, and the United Kingdom who represent a wide variety of disciplines, including history, political science, and Jewish and media studies. Their essays discuss reactions to the pogrom by victims and witnesses inside Nazi Germany as well as by foreign journalists, diplomats, Jewish organizations, and Jewish print media. Several contributors to the volume analyze postwar narratives of and global comparisons to Kristallnacht, with the aim of situating this anti-Jewish pogrom in its historical context, as well as its place in world history."--Back cover. 410 0$aJewish role in American life ;$vv. 17. 606 $aPogroms$2fast$3(OCoLC)fst01068089 606 $aJews$xPersecutions$2fast$3(OCoLC)fst00983322 606 $aJews$2fast$3(OCoLC)fst00983135 606 $aJews$zGermany$xHistory$y1933-1945$vCongresses 606 $aJews$xPersecutions$zGermany$xHistory$y20th century$vCongresses 606 $aPogroms$zGermany$xHistory$y20th century$vCongresses 606 $aKristallnacht, 1938$vCongresses 607 $aGermany$2fast 608 $aHistory. 608 $aConference papers and proceedings. 615 7$aPogroms. 615 7$aJews$xPersecutions. 615 7$aJews. 615 0$aJews$xHistory 615 0$aJews$xPersecutions$xHistory 615 0$aPogroms$xHistory 615 0$aKristallnacht, 1938 676 $a940.53180943 700 $aRoss$b Steven J$4edt$0246381 702 $aAnsell$b Lisa 702 $aGruner$b Wolf$f1960- 702 $aRoss$b Steven Joseph 712 02$aUSC Casden Institute for the Study of the Jewish Role in American Life, 801 0$bMdBmJHUP 801 1$bMdBmJHUP 906 $aBOOK 912 $a9910524675703321 996 $aNew Perspectives on Kristallnacht$94301134 997 $aUNINA